000 01324cam a2200313 i 4500
001 768714001
003 CO-MdFUSB
005 20250531133505.0
007 ta
008 161111t2006 ck ||||g |||| 00| 0 spa d
020 _a958339400-9
040 _aCO-MdFUSB
_bEspañol
_cCO-MdFUSB
_dCO-MdFUSB
_erda
041 _aspa
082 _223
_a245
_bAC174p
100 1 _aAcevedo Tarazona, Álvaro
_eautor
245 1 3 _aEl pastor fiel :
_bGabriel Vélez Cañaveral
_c/ Álvaro Acevedo Tarazona
264 1 _aPereira, Colombia :
_bIglesia Presbiteriana Cumberland
_c[2006]
264 4 _c©2006
300 _a199 páginas
_b; 24 cm.
336 _2rdacontent
_atexto
_btxt
337 _2rdamedia
_asin mediación
_bn
338 _2rdacarrier
_avolumen
_bnc
505 _aI Parte:"Ya no somos parrandistas" -- II Parte: "De la muerte de Gaitán a la Revolución Cubana" -- III Parte "El pastor y su rebaño" -- IV Parte: "Las voces de la congregación"
520 _aEl destino de Gabriel Veléz fue sencillo, aunque no por eso menos importante; fue el destino de un hombre que anheló, que sintió el "Llamado a pastorear el rebaño de Dios" Esa fue la misión , la tarea; nada estuvo por encima de este propósito.
563 _aRústico
650 0 _9408
_aVida cristiana
_xBiografía
942 _cBK
945 _aMiguel Gómez
999 _c63781
_d63781